Seroja Kembang petang

Bibliographic Details
Main Author: Dahlan Makmur
Format: Book
Published: Kuala Lumpur : Creative Enterprise , 1992
Subjects:

MARC

LEADER 00000cam a2200000 7i4500
001 0000003521
002 000003791
005 20020121.0
020 |a 9838930679 
090 0 0 |a F   |b DAH 
100 0 |a Dahlan Makmur 
245 1 0 |a Seroja Kembang petang   |c Dahlan Maamor 
260 |a Kuala Lumpur :   |b Creative Enterprise ,   |c 1992 
300 |a 128p. ;   |c 17cm. 
650 0 0 |a Malay fiction 
999 |a 031920   |b BUKU   |c YOUTH FICTION   |e PERPUSTAKAAN KOMUNITI PETALING JAYA 
999 |a 031921   |b BUKU   |c YOUTH FICTION   |e PERPUSTAKAAN KOMUNITI PETALING JAYA 
999 |a 031922   |b BUKU   |c YOUTH FICTION   |e PERPUSTAKAAN KOMUNITI PETALING JAYA 
999 |a 044862   |b BUKU   |c PINJAMAN   |e PERPUSTAKAAN KOMUNITI CAW KOTA DAMANSARA 
999 |a 044863   |b BUKU   |c PINJAMAN   |e PERPUSTAKAAN KOMUNITI CAW KOTA DAMANSARA